| 000 | 00344pab a2200133 454500 | ||
|---|---|---|---|
| 008 | 180718b2005 xxu||||| |||| 00| 0 eng d | ||
| 100 | _aStadtler, Florian | ||
| 245 | _aCultural connections: Lagaan and its audience responses | ||
| 260 | _c2005 | ||
| 300 | _ap.517-24. | ||
| 650 | _aCulture | ||
| 773 | _aThird World Quarterly | ||
| 909 | _a65315 | ||
| 999 |
_c65315 _d65315 |
||